| 000 | 00533nam a2200181 a 4500 | ||
|---|---|---|---|
| 001 | 000022982 | ||
| 005 | 20240417183156.0 | ||
| 008 | 101124s1972 ag 000 0 spa d | ||
| 040 |
_aDO-SdBNP _bspa _cBNPHU |
||
| 082 |
_a338.5 _bD559p |
||
| 100 | 1 |
_aDieguez, Héctor L. _947257 |
|
| 245 | 1 | 0 |
_aProblemas de microeconomía / _cHéctor L. Dieguez y Alberto Porto. |
| 260 |
_aBuenos Aires : _bAmorrortu, _c1972. |
||
| 300 |
_a472 p. ; _c20 cm. |
||
| 650 | 0 |
_aMicroeconomía _922953 |
|
| 700 | 1 |
_aPorto, Alberto. _947258 |
|
| 049 | _aBNGR | ||
| 999 |
_c22479 _d22479 |
||